=LDR 00000nam 2200000 4500 =001 INLIS000000000002556 =005 20130612090902 =008 ***********************************Ind** =035 ##$$0010-061300000002556 =041 ##$$a Ind =082 ##$$a 616.12 =090 ##$$a 616.12, Har p =100 ##$$a Harun,T.Renaldi =245 ##$$a Pengantar kardiologi, T.Renaldi Haroen; Editor,Jonatan Oswari =260 ##$$a 1992 $b Jakarta =300 ##$$a x,84 hlm, ilus, 24 cm =650 ##$$a Kardiologi =700 ##$$a Oswari, Jonatan =850 ##$$a NBPNMAT